000 01014cab a2200253 4500
001 WB3119-42
008 090401t1995 xxu||||| |||| 00| 0 eng d
035 _a(Sirsi) u70689
041 _aeng
245 _aTime limit ends for negligence
260 _c1995
350 _a0
490 _aEstates Times
_v(1279) 12 May 1995, 2(1)
520 _aConsiders the implications for professional advisors in the light of "Sheldon and others v RHM Outhwaite (Underwriting Agencies) Ltd and others" HL 4 May 1995 (see WB3117-53) extending the normal six year statute of limitations where relevant information is deliberately concealed.
650 _aBANQUE BRUXELLES LAMBERT AND EAGLE STAR V JOHN D WOOD COMMERCIAL
650 _aBREACH OF DUTY OF CARE
650 _aDELIBERATE CONCEALMENT
650 _aLIMITATION ACT 1980 S32(1)(B)
650 _aLIMITATION PERIOD
650 _aPROFESSIONAL NEGLIGENCE
690 _aMANAGEMENT-BUSINESS MANAGEMENT-PROFESSIONAL PRACTICE
942 _n0
948 _c04/03/1997
999 _c44488
_d44488